|
|
|
|
| LEADER |
00951nam a22002892a 4500 |
| 001 |
001105815 |
| 003 |
CZ BrMZK |
| 005 |
20101111133517.0 |
| 007 |
ta |
| 008 |
100714s1983 xr er|||||||||||cze d |
| 015 |
|
|
|a cnb000006884
|
| 035 |
|
|
|a (OCoLC)85551172
|
| 040 |
|
|
|a BOA001
|b cze
|
| 100 |
1 |
|
|a Dvořák, Jaroslav
|7 jx20060515010
|4 aut
|
| 245 |
1 |
0 |
|a Řídící jednotka kazetové diskové paměti RKD-723 /
|c Jaroslav Dvořák, Jan Kouřil, Miroslav Krejčiřík
|
| 250 |
|
|
|a 1. vyd.
|
| 260 |
|
|
|a Praha :
|b Státní nakladatelství technické literatury,
|c 1983
|
| 300 |
|
|
|a 127 s.
|
| 490 |
1 |
|
|a Příručka technika ;
|v 1/5
|
| 550 |
|
|
|a Vydavatel: ZPA Trutnov
|
| 700 |
1 |
|
|a Kouřil, Jan
|4 aut
|
| 700 |
1 |
|
|a Krejčiřík, Miroslav
|4 aut
|
| 830 |
|
0 |
|a Příručka technika
|
| 910 |
|
|
|a BOA001
|b 2-0868.400,1
|
| 990 |
|
|
|a BK
|
| 991 |
|
|
|b 201007
|
| 996 |
6 |
|
|b 2619369810
|c 2-0868.400,1
|l MZK
|r Sklad / do 1 hodiny
|n 0
|w 001132828
|u 000010
|a 1
|e BOA001
|j MZK50
|s P
|